000
00300nam a22001337a 4500
008
181023b xxu||||| |||| 00| 0 eng d
020
_a
9780495114475
041
_a
eng
080
_2
11 ED
_a
510
100
_a
39
101
_a
MAT
245
_a
The Nature Mathematics
_c
SmithK/J
942
_2
udc
_c
BK
999
_c
50754
_d
50754